315 tình huống kế toán tài chính

Zapisane w:
Opis bibliograficzny
1. autor: Võ, Văn Nhị
Format: Książka
Język:Undetermined
Wydane: Thành phố Hồ Chí Minh Thống kê 2004
Hasła przedmiotowe:
Etykiety: Dodaj etykietę
Nie ma etykietki, Dołącz pierwszą etykiete!
Thư viện lưu trữ: Trung tâm Học liệu Trường Đại học Cần Thơ
LEADER 00639nam a2200205Ia 4500
001 CTU_64337
008 210402s9999 xx 000 0 und d
020 |b 50000 
082 |a 657.42 
082 |b Nh300 
100 |a Võ, Văn Nhị 
245 0 |a 315 tình huống kế toán tài chính 
245 0 |c Võ Văn Nhị, Nguyễn Ngọc Dung, Nguyễn Xuân Hưng 
260 |a Thành phố Hồ Chí Minh 
260 |b Thống kê 
260 |c 2004 
650 |a Accounting,Finance 
650 |x Management 
904 |i M.Loan (Nguyên sửa) 
980 |a Trung tâm Học liệu Trường Đại học Cần Thơ